| 000 | 00463nam a2200181Ia 4500 | ||
|---|---|---|---|
| 008 | 100917s9999 xx 000 0 und d | ||
| 082 | _b46775 | ||
| 100 | _aGillian Avery | ||
| 245 | _aJemima And The Welsh Rabbit | ||
| 260 |
_bH. H. _c1972 |
||
| 300 | _a120 | ||
| 365 | _b0 | ||
| 520 | _aबालविभाग | ||
| 630 | _aJemima And The Welsh Rabbit | ||
| 650 | _aबालविभाग | ||
| 730 | _aJemima And The Welsh Rabbit | ||
| 942 | _cBOOK | ||
| 999 |
_c652169 _d652166 |
||